Adivina las series por escenas #2 - Estadísticas

Estadísticas generales
  • Esta prueba ha sido intentada 3.817 veces
  • La puntuación promedio es 11 de 20
Estadísticas de respuestas
Imagen Hint Respuesta % Correcto
2016-2025 Stranger Things
93%
2007-2019 The Big Bang Theory
86%
2013-2022 Peaky Blinders
84%
2013-2020 Vikings
80%
1997-Act. South Park
77%
1999-Act. Futurama
75%
1999-Act. One Piece
74%
2023-Act. The Last of Us
71%
2010-2022 The Walking Dead
70%
2019-Act. The Mandalorian
65%
2019-Act. The Boys
54%
2015-2022 Better Call Saul
52%
2013-2023 Attack on Titan
49%
2022-Act. The Bear
46%
2022-Act. Peacemaker
27%
1989-1998 Seinfeld
18%
1993-2018 The X Files
18%
2025-Act. El Eternauta
16%
2001 Band of Brothers
15%
2018-2023 Succession
13%
No se encontraron pruebas coincidentes
Distribución de puntuación
Porcentaje de gente con cada puntuación
Porcentaje por número respondido
Historial de tus puntuaciones
No has intentado esta prueba.